000 00574nam a2200241Ia 4500
008 210210b1919 xxu||||| |||| 00| 0 eng d
041 _aeng
082 _a336/52
100 _aCHEYNEY (E P)
245 _aIntroduction to the industrial and social history of England
260 _aNew York
_bThe Macmillan Company
_c1919
650 _ato
650 _athe
650 _asocial
650 _aof
650 _aIntroduction
650 _aindustrial
650 _ahistory
650 _aEngland
650 _aand
690 _aEconomic History
906 _a004789
999 _c128075
_d128075